| 000 | 02466 am a2200733 a 4500 | ||
|---|---|---|---|
| 005 | 20240625093242.0 | ||
| 008 | 100623s2002||||sp a f |||| 001 0 spa d | ||
| 020 | _a8481746177 | ||
| 041 | _aspa | ||
| 092 |
_c616.07 _l66 _sPFR |
||
| 100 | 1 |
_aPfreundschuh, Michael. _91173 |
|
| 245 |
_aFisiopatología y bioquímica / _cMichael Pfreundschuh |
||
| 250 |
_a1a ed. en español de la 1a ed. original en alemán _bRevisión María Jesús Fernández Aceñero |
||
| 260 |
_aMadrid: _bHarcourt ; Elsevier Science; _c2002. |
||
| 300 |
_a407 p. _b148 imágenes en dos colores y 112 tablas |
||
| 500 | _aPfreundschuh, M. y Schölmerich, J. (2002). Fisiopatología y bioquímica. (1a ed.). Madrid : Harcourt ; Elsevier Science. | ||
| 653 | _aGenética | ||
| 653 | _aRegulación genética | ||
| 653 | _aEstructura intra e intercelulares | ||
| 653 | _aComunicación intra e intercelulares | ||
| 653 | _aMetabolismo intermediario, enzimas, vitaminas, elementos traza | ||
| 653 | _aRegulación del crecimiento y neoplasias | ||
| 653 | _aEritropoyesis y metabolismo del hierro | ||
| 653 | _aCoagulación de la sangre | ||
| 653 | _aleucocitos y sistema inmunitario | ||
| 653 | _aBazo | ||
| 653 | _aInfecciones | ||
| 653 | _aNoxas físicas | ||
| 653 | _aCorazón | ||
| 653 | _aSistema arterial | ||
| 653 | _aHipertensión/Hipotensión | ||
| 653 | _aSistema venoso | ||
| 653 | _aShock | ||
| 653 | _aSistema linfático | ||
| 653 | _aRespiración | ||
| 653 | _aRiñón | ||
| 653 | _aEquilibrio hidroelectrolítico y acidobásico | ||
| 653 | _aEsófago | ||
| 653 | _aEstómago y duodeno | ||
| 653 | _aIntestinos delgado y grueso | ||
| 653 | _aRecto y ano | ||
| 653 | _aPáncreas | ||
| 653 | _aHígado y sistema biliar | ||
| 653 | _aHipertensión portal | ||
| 653 | _aHipotálamo e hipófisis | ||
| 653 | _aTiroides | ||
| 653 | _aParatiroides | ||
| 653 | _aGlándula suprarrenal | ||
| 653 | _aGónadas | ||
| 653 | _aCélulas de los islotes (insulares) y homeostasis de la glucosa | ||
| 653 | _aHormonas gastrointestinales y otras tisulares | ||
| 653 | _aHuesos | ||
| 653 | _aMúsculos | ||
| 653 | _aTejidos conjuntivos | ||
| 653 | _aFundamentos fisiopatológicos de las enfermedades cutáneas | ||
| 653 | _aSistema nervioso | ||
| 653 | _aOrganos de los sentidos | ||
| 700 | 1 |
_aSchölmerich, Jürgen. _91174 |
|
| 930 | _a1622 | ||
| 930 | _a1623 | ||
| 930 | _a1624 | ||
| 930 | _a1625 | ||
| 942 |
_2ddc _cBK |
||
| 999 |
_c404 _d404 |
||